عرض عادي عرض مارك
  • Fox, Mark

مدخل إسم شخص

عدد التسجيلات المستخدمة في: 1

001 - رقم الضبط

  • حقل الضبط: 19063

003 - معرف رقم الضبط

  • حقل الضبط: OSt

005 - تاريخ ووقت أخر عملية

  • حقل الضبط: 20121228222844.0

008 - عناصر بيانات ثابتة الطول

  • حقل تحكم ثابت الطول: 121228|||a|||||| | ||| d

040 ## - مصدر الفهرسة

  • هيئة الفهرسة الأصلية: OSt
  • وكالة الكتابة: OSt

100 ## - مدخل -- أسم شخص

  • إسم شخص: Fox, Mark
  • الشكل الكامل للاسم: (Anthony Mark)

670 ## - بيانات المصدر موجوده

  • الاستشهاد بالمصدر: Work cat.: (OSt)0: Fox, Mark (Anthony Mark), Optical properties of solids /, 2010.